00900nam a2200229 a 450000100100000000500170001000800410002702000180006804000250008610000260011124501380013726000310027530000210030649000260032750000300035350400730038370000350045670000240049183000330051595201050054899900170065300004057720201002034227.0130902s2011 sp 001 0 spa d a9788475096698 aDO-SdBNPbspacBNPHU1 aRorty, Richard96691010aContingencia, ironía y solidaridad /cRichard Rorty ; traducción de Alfredo Eduardo Sinnot ; revisión técnica de Jorge Vigil. aMadrid :bPaidós,c2011. a222 p. ;c23 cm.1 aPaidós Básicav54 aQuinta reimpresión 2011 aIncluye referencias bibliográficas y notas al pie de las páginas1 aSinnot, Alfredo Eduardo9669111 aVigil, Jorge966912 0aPaidós Básicav54966913 001050718MOaGRbGRcCTd2013-09-02iLF1l0o p40577-10r2020-06-25w2020-06-25y1ZNo se presta c40067d40067